| 000 | 00390nam a22001457a 4500 | ||
|---|---|---|---|
| 020 | _a9789699988332 | ||
| 082 |
_a340.59 _bBHA |
||
| 100 | _aBhatia, H.S. | ||
| 245 |
_aStudies in Islamic Law: _bReligion and Society / _cH.S. Bhatia |
||
| 260 |
_aLahore : _bPeace Publications, _c2017. |
||
| 300 | _a445 p. | ||
| 563 | _aHB. | ||
| 650 |
_aLaw, Islamic Law _9128082 |
||
| 942 |
_2ddc _cBK |
||
| 999 |
_c613290 _d613290 |
||